Деятельность России в прибрежной зоне моря и проблемы экологии

Bibliographische Detailangaben
1. Verfasser: Айбулатов Н. А. Николай Александрович
Körperschaft: Институт океанологии им. П. П. Ширшова РАН
Zusammenfassung:В монографии анализируется хозяйственная и оборонная деятельность России в прибрежной зоне своих морей и возникающие в связи с этим проблемы экологии. Для каждой отрасли автор выделяет экологические проблемы и намечает пути их решения. Анализируя взаимоотношения различных пользователей, автор констатирует, что они практически никем и ничем не регулируются. Предлагается проект закона "О прибрежном управлении", намечаются направления фундаментальных исследований в области "человек - окружающая среда". Для океанологов, экологов, гидротехников.
Sprache:Russisch
Veröffentlicht: Москва, Наука, 2005
Schlagworte:
Format: MixedMaterials Buch
KOHA link:https://koha.lib.tpu.ru/cgi-bin/koha/opac-detail.pl?biblionumber=70468

MARC

LEADER 00000nam0a2200000 4500
001 70468
005 20231031081428.0
010 |a 5020327239 
035 |a (RuTPU)RU\TPU\book\75030 
090 |a 70468 
100 |a 20041123d2005 k y0rusy50 ca 
101 0 |a rus 
102 |a RU 
105 |a a z 001zy 
200 1 |a Деятельность России в прибрежной зоне моря и проблемы экологии  |f Н. А. Айбулатов  |g Институт океанологии им. П. П. Ширшова РАН 
210 |a Москва  |c Наука  |d 2005 
215 |a 364 с.  |c ил. 
320 |a Библиогр.: с. 345-359 
330 |a В монографии анализируется хозяйственная и оборонная деятельность России в прибрежной зоне своих морей и возникающие в связи с этим проблемы экологии. Для каждой отрасли автор выделяет экологические проблемы и намечает пути их решения. Анализируя взаимоотношения различных пользователей, автор констатирует, что они практически никем и ничем не регулируются. Предлагается проект закона "О прибрежном управлении", намечаются направления фундаментальных исследований в области "человек - окружающая среда". Для океанологов, экологов, гидротехников. 
610 1 |a Россия 
610 1 |a экология 
610 1 |a прибрежная зона 
610 1 |a моря 
610 1 |a океаны 
610 1 |a природные условия 
610 1 |a углеводороды 
610 1 |a минеральное сырье 
610 1 |a разработка 
610 1 |a транспортировка 
610 1 |a экологические проблемы 
610 1 |a прибрежное судоходство 
610 1 |a морские порты 
610 1 |a строительство 
610 1 |a отходы 
610 1 |a дампинг 
610 1 |a загрязнение 
610 1 |a прибрежное рыболовство 
610 1 |a геоэкология 
610 1 |a берегозащита 
610 1 |a морская рекреационная деятельность 
610 1 |a экологические последствия 
610 1 |a оборонная деятельность 
610 1 |a естественное самоочищение 
610 1 |a мониторинг 
610 1 |a природопользование 
675 |a 504.4  |v 3 
686 |a У04(2Р)  |v LBC/SL-A  |2 rubbk 
700 1 |a Айбулатов  |b Н. А.  |g Николай Александрович 
712 0 2 |a Институт океанологии им. П. П. Ширшова РАН  |2 stltpush  |3 (RuTPU)RU\TPU\col\3562 
801 1 |a RU  |b 63413507  |c 20041123  |g PSBO 
801 2 |a RU  |b 63413507  |c 20120207  |g PSBO 
942 |c BK 
959 |a 164/20041122  |d 2  |e 0  |f НФ:2